000 00829nam a2200229Ii 4500
003 JO-AjNU
008 230605s9999||||xx |||||||||||||| ||und||
017 _a2008/8/2861
020 _a9957-16-470-6
040 _aJO-AjNU
_bara
_erda
_cJO-AjNU
041 _aara
050 1 4 _aJX1671.M34.2010
100 3 _a المغاريز ، عاطف فهد,
_eauthor
_931334
245 0 0 _aالحصانة الدبلوماسية بين النظرية والتطبيق
250 _aط2
264 3 1 _aعمان : دار الثقافة ، 2010
300 _a224ص
336 _atext
_btxt
_2rdacontent
337 _aunmediated
_bn
_2rdamedia
338 _avolume
_bnc
_2rdacarrier
650 4 _aالدبلوماسية -- الامتيازات والحصانات الدبلوماسية -- قواعد السلوك الدبلوماسي
_931335
999 _aA12523
_c16091
_d16091